Merowingerzeitliche Buntmetallfunde aus Einbeck-Salzderhelden

Saved in:
Bibliographic Details
Main Authors: Wehmer, Markus (Author) , Blaich, Markus C. (Author) , Kulbach, Gregor (Author) , Meier, Michael (Author)
Format: Article (Journal)
Language:German
Published: 2024
In: Nachrichten aus Niedersachsens Urgeschichte
Year: 2024, Volume: 93, Pages: 37-63
ISSN:0342-1406
Subjects:
Online Access: Get full text
Author Notes:Markus Wehmer und Markus C. Blaich, mit einem Beitrag von Gregor Kulbach und Michael Meier

MARC

LEADER 00000caa a2200000 c 4500
001 1925521923
003 DE-627
005 20260206100154.0
007 tu
008 250513s2024 xx ||||| 00| ||ger c
035 |a (DE-627)1925521923 
035 |a (DE-599)KXP1925521923 
035 |a (OCoLC)1559700605 
040 |a DE-627  |b ger  |c DE-627  |e rda 
041 |a ger  |b eng 
084 |a 60  |2 sdnb 
100 1 |a Wehmer, Markus  |e VerfasserIn  |0 (DE-588)1155438000  |0 (DE-627)101772931X  |0 (DE-576)501650733  |4 aut 
245 1 0 |a Merowingerzeitliche Buntmetallfunde aus Einbeck-Salzderhelden  |c Markus Wehmer und Markus C. Blaich, mit einem Beitrag von Gregor Kulbach und Michael Meier 
264 1 |c 2024 
300 |b Illustrationen 
300 |a 27 
336 |a Text  |b txt  |2 rdacontent 
337 |a ohne Hilfsmittel zu benutzen  |b n  |2 rdamedia 
338 |a Band  |b nc  |2 rdacarrier 
650 0 7 |0 (DE-588)4123055-3  |0 (DE-627)105757934  |0 (DE-576)209556498  |a Detektor  |2 gnd 
651 7 |0 (DE-588)4042226-4  |0 (DE-627)106215507  |0 (DE-576)209049227  |a Niedersachsen  |2 gnd 
651 7 |0 (DE-588)4071332-5  |0 (DE-627)106098217  |0 (DE-576)209183357  |a Fränkisches Reich  |2 gnd 
700 1 |a Blaich, Markus C.  |d 1968-  |e VerfasserIn  |0 (DE-588)132374285  |0 (DE-627)69053843X  |0 (DE-576)299105954  |4 aut 
700 1 |a Kulbach, Gregor  |e VerfasserIn  |4 aut 
700 1 |a Meier, Michael  |d 1960-  |e VerfasserIn  |0 (DE-588)188484159  |0 (DE-627)69940763X  |0 (DE-576)135352428  |4 aut 
773 0 8 |i Enthalten in  |t Nachrichten aus Niedersachsens Urgeschichte  |d Oldenburg : Isensee Verlag, 1928  |g 93(2024), Seite 37-63  |w (DE-627)129091790  |w (DE-600)6593-6  |w (DE-576)01442715X  |x 0342-1406  |7 nnas  |a Merowingerzeitliche Buntmetallfunde aus Einbeck-Salzderhelden 
773 1 8 |g volume:93  |g year:2024  |g pages:37-63  |g extent:27  |a Merowingerzeitliche Buntmetallfunde aus Einbeck-Salzderhelden 
951 |a AR 
992 |a 20250807 
993 |a Article 
994 |a 2024 
998 |g 132374285  |a Blaich, Markus C.  |m 132374285:Blaich, Markus C.  |d 70000  |e 70000PB132374285  |k 0/70000/  |p 2 
999 |a KXP-PPN1925521923  |e 4754986938 
BIB |a Y 
SER |a journal 
JSO |a {"name":{"displayForm":["Markus Wehmer und Markus C. Blaich, mit einem Beitrag von Gregor Kulbach und Michael Meier"]},"origin":[{"dateIssuedDisp":"2024","dateIssuedKey":"2024"}],"relHost":[{"id":{"issn":["0342-1406"],"zdb":["6593-6"],"eki":["129091790"]},"part":{"text":"93(2024), Seite 37-63","pages":"37-63","year":"2024","extent":"27","volume":"93"},"name":{"displayForm":["hrsg. von der Archäologischen Kommission für Niedersachsen e.V. und dem Niedersächsischen Landesamt für Denkmalpflege"]},"origin":[{"publisher":"Isensee Verlag ; Lax ; Theiss ; Theiss","dateIssuedKey":"1928","publisherPlace":"Oldenburg ; Hildesheim ; Stuttgart ; Darmstadt","dateIssuedDisp":"1928-"}],"disp":"Merowingerzeitliche Buntmetallfunde aus Einbeck-SalzderheldenNachrichten aus Niedersachsens Urgeschichte","type":{"bibl":"periodical"},"language":["ger"],"titleAlt":[{"title":"NNU"}],"corporate":[{"display":"Archäologische Kommission für Niedersachsen","role":"isb"}],"recId":"129091790","note":["2. beteil. Körp. ab 64.1995"],"title":[{"subtitle":"NNU","title_sort":"Nachrichten aus Niedersachsens Urgeschichte","title":"Nachrichten aus Niedersachsens Urgeschichte"}],"pubHistory":["1.1927(1928) - 16.1942; 17.1948 -"]}],"type":{"bibl":"article-journal"},"language":["ger"],"id":{"eki":["1925521923"]},"recId":"1925521923","physDesc":[{"extent":"27 S.","noteIll":"Illustrationen"}],"title":[{"title":"Merowingerzeitliche Buntmetallfunde aus Einbeck-Salzderhelden","title_sort":"Merowingerzeitliche Buntmetallfunde aus Einbeck-Salzderhelden"}],"person":[{"display":"Wehmer, Markus","given":"Markus","role":"aut","family":"Wehmer"},{"display":"Blaich, Markus C.","given":"Markus C.","family":"Blaich","role":"aut"},{"display":"Kulbach, Gregor","given":"Gregor","role":"aut","family":"Kulbach"},{"role":"aut","family":"Meier","display":"Meier, Michael","given":"Michael"}]} 
SRT |a WEHMERMARKMEROWINGER2024